000 02036nam0a2200385 4500
001 RU\NLR\bibl\941344
005 20260407121236.0
010 _a5-9540-0016-6
_9500
021 _aRU
_b2006-18012
_9899
035 _a(NLR Aleph) 000929524
090 _a150951
_c150951
100 _a20060502d2005 |||y0rusy50 ca
101 0 _arus
102 _aRU
105 _ay |||||||||
200 1 _aДиалог цивилизаций. Повестка дня
_f[Михаил Горбачев, Абдусалам Гусейнов, д.филос.н., акад. РАН, проф., Вадим Загладин - д.филос.н., проф., д.чл. РАЕН и др.
_gсост. и общ. ред. В.И. Толстых]
_gРос. акад. наук, Ин-т философии, Горбачев-Фонд
210 _aМосква
_cИФ РАН
_cГорбачев-Фонд
_d2005
215 _a143, [2] с.
_d20
300 _aАвт. указаны на 3-й с.
517 0 _aПовестка дня
606 1 _aВосток-Запад
_jСборники
_xСоциокультурные процессы
_92176335
_3RU\NLR\auth\661308957
606 1 _aНовейшая история
_jСборники
_z21 в.
_92252575
_3RU\NLR\auth\661351053
686 _aТ3(0)63я43
686 _aС550.2я43
701 1 _4070
_8rus
_7ca
_aГорбачев
_bМ. С.
_cгос. деятель
_f1931-2022
_gМихаил Сергеевич
_3RU\NLR\AUTH\7710834
_9120598
701 1 _4070
_8rus
_7ca
_aГусейнов
_bА. А.
_f1939-
_gАбдусалам Абдулкеримович
_3RU\NLR\auth\7789478
_972406
701 1 _aЗагладин
_bВ.
_gВадим
_4070
702 1 _4220
_8rus
_7ca
_aТолстых
_bВ. И.
_cд-р филос. наук
_f1929-
_gВалентин Иванович
_3RU\NLR\auth\7782856
_965784
712 0 2 _4570
_aИнститут философии
_cМосква
_3RU\NLR\AUTH\889955071
_9406171
801 0 _aRU
_bNLR
_c20060502
_grcr
801 1 _aRU
_bNLR
_c20060502
942 _cBOOK
980 _aNB